Farming systems for sustainable agriculture (Record no. 67288)
[ view plain ]
| 000 -LEADER | |
|---|---|
| fixed length control field | 01058cam a2200229 4500 |
| 001 - CONTROL NUMBER | |
| control field | X113042 |
| 008 - FIXED-LENGTH DATA ELEMENTS--GENERAL INFORMATION | |
| fixed length control field | 000000n2001 000 0 eng u |
| 035 ## - SYSTEM CONTROL NUMBER | |
| System control number | (Sirsi) u113042 |
| 100 ## - MAIN ENTRY--PERSONAL NAME | |
| Personal name | Legg, W. |
| 245 ## - TITLE STATEMENT | |
| Title | Farming systems for sustainable agriculture |
| 260 ## - PUBLICATION, DISTRIBUTION, ETC. | |
| Date of publication, distribution, etc. | 2001 |
| 490 ## - SERIES STATEMENT | |
| Series statement | Observer |
| Volume/sequential designation | 226(1227)Summer 2001, 21-24(4) |
| 520 ## - SUMMARY, ETC. | |
| Summary, etc. | Identifies the three principle aims of sustainable agriculture as economic efficiency, environmental quality and social responsibility and argues that a wholesale switch to organic farming could conflict with these. Suggests that many farming systems can be sustainable, although this is dependent on the use of appropriate management techniques and practices, and calls for government to provide a framework that would allow farmers to adopt such systems. |
| 650 ## - SUBJECT ADDED ENTRY--TOPICAL TERM | |
| Topical term or geographic name entry element | AGRICULTURE |
| 650 ## - SUBJECT ADDED ENTRY--TOPICAL TERM | |
| Topical term or geographic name entry element | FARMING PRACTICES |
| 650 ## - SUBJECT ADDED ENTRY--TOPICAL TERM | |
| Topical term or geographic name entry element | ORGANIC FARMING |
| 650 ## - SUBJECT ADDED ENTRY--TOPICAL TERM | |
| Topical term or geographic name entry element | SUSTAINABLE FARMING |
| 650 ## - SUBJECT ADDED ENTRY--TOPICAL TERM | |
| Topical term or geographic name entry element | SUSTAINABLE AGRICULTURE |
| 690 ## - LOCAL SUBJECT ADDED ENTRY--TOPICAL TERM (OCLC, RLIN) | |
| Topical term or geographic name as entry element | RURAL-AGRICULTURE AND FORESTRY |
| 700 ## - ADDED ENTRY--PERSONAL NAME | |
| Personal name | Viatte, G. |
| 942 ## - ADDED ENTRY ELEMENTS (KOHA) | |
| Suppress in OPAC | 0 |
| Withdrawn status | Lost status | Source of classification or shelving scheme | Damaged status | Not for loan | Home library | Current library | Shelving location | Date acquired | Total Checkouts | Full call number | Barcode | Date last seen | Copy number | Price effective from | Koha item type |
|---|---|---|---|---|---|---|---|---|---|---|---|---|---|---|---|
| Dewey Decimal Classification | London | London | Journal article | 12/06/2001 | X113042 | 113042-1001 | 06/08/2019 | 1 | 06/08/2019 | Journal article |